000 00353 a2200157 4500
001 149801
040 _cEscola São Tomás de Aquino
100 _aQUEIRÓS, Bartolomeu Campos de
240 1 0 _aFormiga amiga
_lpor
245 1 0 _aFormiga amiga
300 _a31
362 0 _a2004
440 1 _aModerna
697 _a*LITERATURA INFANTO
942 _cBK
999 _c149801
_d149801